000 00391nam a22001457a 4500
005 20200614144039.0
008 200614b xxu||||| |||| 00| 0 eng d
082 _a345.4 AIR
110 _aALL INDIA REPORTER
_96114
245 _aALL INDIA REPORTER [1969] [VOL-56] MYSORE SECTION
260 _aMUMBAI
_bALL INDIA REPORTER, PVT. LTD.
300 _a416;p
650 _aLAW
_95701
942 _cJRL
999 _c7166
_d7164